| 000 | 01766nam2a22002651 4500 | ||
|---|---|---|---|
| 001 | rc\4693511 | ||
| 005 | 20250612154309.0 | ||
| 021 |
_aRU _b[66-24693] |
||
| 035 | _a(NLR Aleph) 008714995 | ||
| 090 |
_a9382075 _c9382075 |
||
| 100 | _a20130416d1965 |||y0rusy50 ca | ||
| 101 | 0 | _arus | |
| 102 | _aRU | ||
| 105 | _ay z ||||| | ||
| 200 | 1 | _aМеханизация учета труда и заработной платы | |
| 210 |
_d1965 _aБ. м. |
||
| 215 | _a59 с. | ||
| 461 | 0 |
_1001rc\4693510 _12001#$aПроект механизации бухгалтерского учета цtнтрализованной (отраслевой) бухгалтерии предприятий хлебопекарной промышленности Мосгорисполкома$e[В 7 разд.]$eУтв. 2/VI 1965г.$fЦСУ СССР. Гл. упр. вычислит. работ. Центр. проектно-технол. бюро$vРазд. 1 _99382071 _cМосква _d1965 _fЦСУ СССР. Гл. упр. вычислит. работ. Центр. проектно-технол. бюро _nБ. и. _o[В 7 разд.] : Утв. 2/VI 1965г. _tПроект механизации бухгалтерского учета цtнтрализованной (отраслевой) бухгалтерии предприятий хлебопекарной промышленности Мосгорисполкома _vРазд. 1 |
|
| 606 |
_aХлебопекарные предприятия _xУчет и отчетность _xМеханизация _2psbo |
||
| 606 |
_aБухгалтерский учет, промышленный _xМеханизация _2psbo |
||
| 801 | 0 |
_aRU _bNLR _gpsbo |
|
| 801 | 1 |
_aRU _bELAR _2rusmarc |
|
| 852 |
_aNLR _j66-7/234 |
||
| 942 | _cBOOK | ||
| 980 | _aNB | ||